|
|
|
|
| LEADER |
00000nab a2200000 a 4500 |
| 001 |
vtls000666978 |
| 003 |
SK-MaSNL |
| 005 |
20260304094826.0 |
| 008 |
250425c1998 xo 0 slo |
| 015 |
|
|
|a SNBRB1998/08-22946
|
| 035 |
|
|
|a CLN000019161
|
| 035 |
|
|
|a urn:nbn:sk:snk-abbrwh
|
| 035 |
|
|
|a (urnnbn)urn:nbn:sk:snk:ar-004p2t
|
| 035 |
|
|
|a (uuid)a0cedb44-21da-4d3c-a6a1-bd84cfe4b002
|
| 040 |
|
|
|a SNKBUCL
|b slo
|c SNKBUCL
|e AACR2
|
| 041 |
0 |
|
|a slo
|
| 044 |
|
|
|a xo
|c SK
|
| 080 |
|
|
|a 82.09:860-3
|2 1981
|
| 080 |
|
|
|a 860-3.09
|2 1981
|
| 100 |
1 |
|
|a Rodrigues-Moura, Enrique
|4 aut
|9 14743
|
| 245 |
1 |
0 |
|a Španielska literatúra 90. rokov
|b fragmentárny román: Loriga, Maňas, Maestre-
|c Enrique Rodriguez Moura ; preložila Eva Palkovičová
|
| 300 |
|
|
|b Fotogr.
|
| 504 |
|
|
|a Bibliogr. odkazy
|
| 650 |
0 |
7 |
|a španielsky román
|2 snkbucl
|9 236305
|
| 650 |
0 |
7 |
|a španielska literatúra
|2 snkbucl
|9 1210
|
| 700 |
1 |
|
|a Palkovičová, Eva,
|d 1958-
|4 trl
|9 110924
|
| 773 |
0 |
|
|t Revue svetovej literatúry
|g Roč. 34, č. 2 (1998), s. 104-108
|x 0231-6269
|
| 850 |
|
|
|a Slovenská národná knižnica
|
| 852 |
|
|
|a Slovenská národná knižnica
|
| 958 |
|
|
|a article15
|
| 958 |
|
|
|a LX
|
| 958 |
|
|
|a ES
|
| 958 |
|
|
|a NB
|
| 958 |
|
|
|a OND
|
| 958 |
|
|
|a EUIPO
|
| 999 |
|
|
|c 2829158
|d 2831088
|